[Event "Budapest FS06 IM-B"]
[Site "Budapest"]
[Date "1994.??.??"]
[Round "4"]
[White "Orso, Miklos"]
[Black "Stummer, Anton"]
[Result "1/2-1/2"]
[WhiteElo "2330"]
[BlackElo "2245"]
[PlyCount "39"]
[EventDate "1994.06.??"]
[EventType "tourn"]
[EventRounds "9"]
[EventCountry "HUN"]
[EventCategory "3"]
[SourceTitle "EXT 1997"]
[Source "ChessBase"]
[SourceDate "1996.11.15"]
[SourceVersion "1"]
[SourceVersionDate "1996.11.15"]
[SourceQuality "1"]

1. d4 Nf6 2. Nf3 e6 3. Bg5 d5 4. e3 c5 5. c4 cxd4 6. Nxd4 Bb4+ 7. Nd2 Nc6 8. a3 Be7 9. Nxc6 bxc6 10. cxd5 cxd5 11. Bd3 0-0 12. b4 d4 13. e4 e5 14. 0-0 Ng4 15. Bxe7 Qxe7 16. Qe2 Nf6 17. Rfc1 Bb7 18. Nb3 Rac8 19. Nc5 Ba8 20. Rc2 1/2-1/2

[Event "Budapest FS09 IM-B"]
[Site "Budapest"]
[Date "1994.??.??"]
[Round "7"]
[White "Stummer, Anton"]
[Black "Bersutzki, Gregory"]
[Result "1/2-1/2"]
[WhiteElo "2300"]
[BlackElo "2190"]
[PlyCount "118"]
[EventDate "1994.09.??"]
[EventType "tourn"]
[EventRounds "9"]
[EventCountry "HUN"]
[EventCategory "3"]
[SourceTitle "EXT 1997"]
[Source "ChessBase"]
[SourceDate "1996.11.15"]
[SourceVersion "1"]
[SourceVersionDate "1996.11.15"]
[SourceQuality "1"]

1. Nf3 g6 2. e4 Bg7 3. d4 d6 4. Nc3 c6 5. a4 a5 6. Be3 Na6 7. Be2 Nf6 8. h3 0-0 9. 0-0 h6 10. Nd2 d5 11. e5 Nd7 12. f4 e6 13. Nb3 b6 14. Qd2 Kh7 15. Kh2 c5 16. Nb5 f5 17. c3 c4 18. Nc1 Nc7 19. Nd6 Ba6 20. b3 cxb3 21. Bxa6 Rxa6 22. Nxb3 Rg8 23. Qd3 Bf8 24. Rg1 Ra8 25. Nb5 Ne8 26. c4 dxc4 27. Qxc4 Rc8 28. Qxe6 Rc2 29. Rgc1 Re2 30. Re1 Rb2 31. Rab1 Rc2 32. Rbc1 Rb2 33. Qc4 Bb4 34. Re2 Rxe2 35. Qxe2 Nf8 36. Qc4 Ng7 37. d5 Qh4 38. g3 Qh5 39. N5d4 g5 40. Qd3 Ng6 41. fxg5 Nxe5 42. Qe2 Ng4+ 43. Kg2 Nxe3+ 44. Qxe3 Qxg5 45. Qxg5 hxg5 46. Rc7 Kh8 47. Nc6 f4 48. Nxb4 axb4 49. Rc4 Nf5 50. Kf3 fxg3 51. Rxb4 Re8 52. Nd2 Re3+ 53. Kg4 g2 54. Rb1 Rd3 55. Kxf5 Rxd5+ 56. Kg6 Rxd2 57. Rxb6 Rd8 58. Rb1 Rg8+ 59. Kh6 Rd8 1/2-1/2

[Event "Budapest FS06 IM-B"]
[Site "Budapest"]
[Date "1994.??.??"]
[Round "8"]
[White "Stummer, Anton"]
[Black "Cicak, Slavko"]
[Result "1-0"]
[WhiteElo "2245"]
[BlackElo "2310"]
[PlyCount "85"]
[EventDate "1994.06.??"]
[EventType "tourn"]
[EventRounds "9"]
[EventCountry "HUN"]
[EventCategory "3"]
[SourceTitle "EXT 1997"]
[Source "ChessBase"]
[SourceDate "1996.11.15"]
[SourceVersion "1"]
[SourceVersionDate "1996.11.15"]
[SourceQuality "1"]

1. Nf3 c5 2. c4 b6 3. g3 Bb7 4. Bg2 g6 5. 0-0 Bg7 6. Nc3 Nf6 7. d4 cxd4 8. Qxd4 d6 9. b3 0-0 10. Bb2 Ne4 11. Qd3 Nd7 12. Nd4 Ndc5 13. Qe3 Nxc3 14. Bxc3 Bxg2 15. Kxg2 Qd7 16. Rfd1 a6 17. f3 Rfc8 18. Rac1 b5 19. Ba1 bxc4 20. Rxc4 d5 21. Nf5 Qxf5 22. Rxc5 Rxc5 23. Qxc5 Qe6 24. Kf2 Rc8 25. Qe3 Qxe3+ 26. Kxe3 Bxa1 27. Rxa1 e5 28. Kd2 Kf8 29. Rc1 Rxc1 30. Kxc1 Ke7 31. Kd2 Kd6 32. Kc3 a5 33. b4 d4+ 34. Kc4 axb4 35. Kxb4 Kd5 36. a4 f5 37. a5 e4 38. a6 Kc6 39. fxe4 fxe4 40. Kc4 d3 41. exd3 e3 42. Kc3 Kb6 43. d4 1-0

[Event "Budapest FS02 IM-B"]
[Site "Budapest"]
[Date "1994.??.??"]
[Round "2"]
[White "Stummer, Anton"]
[Black "Farago, Sandor"]
[Result "1-0"]
[WhiteElo "2245"]
[BlackElo "2390"]
[PlyCount "139"]
[EventDate "1994.02.??"]
[EventType "tourn"]
[EventRounds "11"]
[EventCountry "HUN"]
[EventCategory "3"]
[SourceTitle "EXT 1997"]
[Source "ChessBase"]
[SourceDate "1996.11.15"]
[SourceVersion "1"]
[SourceVersionDate "1996.11.15"]
[SourceQuality "1"]

1. Nf3 c5 2. c4 Nc6 3. Nc3 g6 4. e3 Bg7 5. d4 cxd4 6. exd4 d6 7. Be2 Nf6 8. d5 Nb8 9. 0-0 Nbd7 10. Be3 0-0 11. Rc1 Ng4 12. Bd4 Bh6 13. Rb1 Nde5 14. Nxe5 Nxe5 15. f4 Nd7 16. Ne4 Nf6 17. Nxf6+ exf6 18. f5 Bxf5 19. Rxf5 gxf5 20. Bd3 Re8 21. Qf3 Bg7 22. Qxf5 Qa5 23. Qxh7+ Kf8 24. Qh4 Qd2 25. Qg3 Rad8 26. h4 Bh6 27. Rf1 Be3+ 28. Bxe3 Qxe3+ 29. Qxe3 Rxe3 30. Rd1 Kg7 31. Kf2 Re5 32. Rh1 Rde8 33. Rh3 b6 34. Rg3+ Kf8 35. Rf3 Ke7 36. g4 Rh8 37. h5 Rh6 38. Bf5 Kf8 39. Ra3 Re7 40. b4 Rc7 41. Rc3 Kg7 42. Ke3 Rh8 43. Kd4 Rb8 44. a3 a5 45. bxa5 Rc5 46. axb6 Rxb6 47. Bd7 Rb1 48. a4 Rd1+ 49. Rd3 Rf1 50. Bb5 Rf4+ 51. Kc3 Rxg4 52. a5 f5 53. a6 Rg1 54. Kb4 Ra1 55. Rf3 Kf6 56. h6 Kg6 57. Rh3 Rc8 58. h7 Rh8 59. Ba4 f4 60. a7 Kg5 61. Rd3 Kg4 62. Rd1 Rxd1 63. Bxd1+ Kg5 64. c5 dxc5+ 65. Kxc5 Kg6 66. d6 Kxh7 67. Bf3 Kg7 68. a8Q Rxa8 69. Bxa8 Kf8 70. Kb6 1-0

[Event "Budapest FS06 IM-B"]
[Site "Budapest"]
[Date "1994.??.??"]
[Round "3"]
[White "Stummer, Anton"]
[Black "Farago, Sandor"]
[Result "1/2-1/2"]
[WhiteElo "2245"]
[BlackElo "2390"]
[PlyCount "123"]
[EventDate "1994.06.??"]
[EventType "tourn"]
[EventRounds "9"]
[EventCountry "HUN"]
[EventCategory "3"]
[SourceTitle "EXT 1997"]
[Source "ChessBase"]
[SourceDate "1996.11.15"]
[SourceVersion "1"]
[SourceVersionDate "1996.11.15"]
[SourceQuality "1"]

1. Nf3 c5 2. c4 g6 3. e4 Bg7 4. d4 cxd4 5. Nxd4 Nc6 6. Be3 Nf6 7. Nc3 d6 8. Be2 0-0 9. 0-0 Bd7 10. Nc2 Qc8 11. f3 Be6 12. Qd2 Re8 13. Rab1 Nd7 14. Nd5 f5 15. Nf4 Bf7 16. exf5 gxf5 17. Nh3 Kh8 18. Ng5 Bg8 19. b3 Nf6 20. Nh3 e5 21. Bh6 Qd7 22. Bxg7+ Qxg7 23. f4 Ne4 24. Qd3 Qg6 25. Bf3 Nc5 26. Qd1 Re7 27. Bxc6 bxc6 28. Ne3 Rf8 29. Rf3 Ne4 30. Qd3 Rg7 31. Rb2 Nc5 32. Qc3 e4 33. Rg3 Qf6 34. Qxf6 Rxf6 35. Rxg7 Kxg7 36. Nf2 Kf8 37. Rd2 Ke7 38. Kf1 a5 39. Ke1 Be6 40. Kd1 Rf8 41. Kc2 h5 42. Kc3 Bc8 43. a3 Ne6 44. g3 Bb7 45. b4 axb4+ 46. axb4 c5 47. b5 Nd4 48. Ra2 Kd7 49. Ra7 Kc7 50. Nfd1 h4 51. Ra2 hxg3 52. hxg3 Rg8 53. Rg2 Rxg3 54. Rxg3 Ne2+ 55. Kd2 Nxg3 56. Nc3 Kd7 57. Ncd5 Nh5 58. Nxf5 Bxd5 59. cxd5 Nxf4 60. b6 Nxd5 61. b7 Kc7 62. Nxd6 1/2-1/2

[Event "Budapest FS02 IM-B"]
[Site "Budapest"]
[Date "1994.??.??"]
[Round "10"]
[White "Zupe, Miran"]
[Black "Stummer, Anton"]
[Result "1/2-1/2"]
[WhiteElo "2395"]
[BlackElo "2245"]
[PlyCount "86"]
[EventDate "1994.02.??"]
[EventType "tourn"]
[EventRounds "11"]
[EventCountry "HUN"]
[EventCategory "3"]
[SourceTitle "EXT 1997"]
[Source "ChessBase"]
[SourceDate "1996.11.15"]
[SourceVersion "1"]
[SourceVersionDate "1996.11.15"]
[SourceQuality "1"]

1. d4 Nf6 2. g3 e6 3. Bg2 d5 4. Nf3 Nbd7 5. 0-0 Bd6 6. c4 c6 7. Nbd2 0-0 8. Qc2 b6 9. e4 dxe4 10. Ng5 Bb7 11. Ndxe4 Be7 12. Rd1 h6 13. Nxf6+ Nxf6 14. Ne4 Nxe4 15. Qxe4 Qc7 16. Bf4 Bd6 17. Be3 Qe7 18. c5 bxc5 19. dxc5 Bxc5 20. Bxc5 Qxc5 21. Rd7 Qb6 22. Rad1 Rfd8 23. Qf4 Rxd7 24. Rxd7 Rf8 25. Qc7 Bc8 26. Qxb6 axb6 27. Rd6 Bb7 28. Bxc6 Bxc6 29. Rxc6 Rb8 30. Rc7 b5 31. Ra7 b4 32. Ra4 Kf8 33. Kf1 Ke7 34. Ke1 e5 35. Kd1 b3 36. Ra7+ Ke6 37. a4 Rd8+ 38. Kc1 Rc8+ 39. Kb1 Rd8 40. Kc1 Rc8+ 41. Kb1 Rd8 42. Rc7 Rd1+ 43. Rc1 Rd5 1/2-1/2

[Event "WchT U26 09th"]
[Site "Paranana"]
[Date "1993.11.07"]
[Round "5"]
[White "Stummer, Anton"]
[Black "Clavijo, Jorge Mario"]
[Result "0-1"]
[WhiteElo "2305"]
[BlackElo "2325"]
[PlyCount "60"]
[EventDate "1993.11.02"]
[EventType "team-swiss"]
[EventRounds "9"]
[EventCountry "PAN"]
[SourceTitle "EXT 2020"]
[Source "ChessBase"]
[SourceDate "2019.10.17"]
[SourceVersion "1"]
[SourceVersionDate "2019.10.17"]
[SourceQuality "1"]
[WhiteTeam "Austria"]
[BlackTeam "Columbia"]
[WhiteTeamCountry "AUT"]
[BlackTeamCountry "COL"]

1. Nf3 Nf6 2. c4 g6 3. g3 Bg7 4. Bg2 0-0 5. 0-0 c6 6. d4 d5 7. cxd5 cxd5 8. Ne5 Nc6 9. Nxc6 bxc6 10. Nc3 Bf5 11. Na4 Qa5 12. Bg5 Rfe8 13. Bxf6 Bxf6 14. Rc1 Rac8 15. f4 e6 16. a3 g5 17. Nc5 gxf4 18. gxf4 Qd8 19. Rc3 Kh8 20. Bh3 Bg6 21. f5 exf5 22. Bxf5 Bxf5 23. Rxf5 Rg8+ 24. Kh1 Rg6 25. Rcf3 Qe7 26. e3 Rcg8 27. Qf1 Bg5 28. Re5 Qc7 29. Rxf7 Bxe3 30. Rxe3 Qxf7 0-1

[Event "WchT U26 09th"]
[Site "Paranana"]
[Date "1993.11.05"]
[Round "4"]
[White "Stummer, Anton"]
[Black "Cueto Chajtur, Johny"]
[Result "1-0"]
[WhiteElo "2305"]
[BlackElo "2170"]
[PlyCount "65"]
[EventDate "1993.11.02"]
[EventType "team-swiss"]
[EventRounds "9"]
[EventCountry "PAN"]
[SourceTitle "EXT 2020"]
[Source "ChessBase"]
[SourceDate "2019.10.17"]
[SourceVersion "1"]
[SourceVersionDate "2019.10.17"]
[SourceQuality "1"]
[WhiteTeam "Austria"]
[BlackTeam "Bolivia"]
[WhiteTeamCountry "AUT"]
[BlackTeamCountry "BOL"]

1. Nf3 c5 2. c4 g6 3. e4 Bg7 4. d4 cxd4 5. Nxd4 Nc6 6. Be3 Nh6 7. Nc3 0-0 8. Be2 d6 9. 0-0 f5 10. exf5 gxf5 11. f4 Bd7 12. h3 Kh8 13. Bf3 Na5 14. b3 e5 15. Nde2 e4 16. Bh5 Qh4 17. Nd4 Rg8 18. Nd5 Nc6 19. Bf2 Qd8 20. Rc1 Qa5 21. Nxc6 bxc6 22. Ne7 Rgd8 23. Bd4 Ng8 24. Bxg7+ Kxg7 25. Nxg8 Qc5+ 26. Kh1 Kxg8 27. Rc3 d5 28. b4 Qb6 29. cxd5 cxd5 30. Qxd5+ Qe6 31. Rg3+ Kf8 32. Qc5+ Qe7 33. Rg8+ 1-0

[Event "Kecskemet"]
[Site "Kecskemet"]
[Date "1993.??.??"]
[Round "7"]
[White "Almasi, Zoltan"]
[Black "Stummer, Anton"]
[Result "1-0"]
[WhiteElo "2580"]
[BlackElo "2295"]
[PlyCount "97"]
[EventDate "1993.02.??"]
[EventType "tourn"]
[EventRounds "13"]
[EventCountry "HUN"]
[EventCategory "7"]
[SourceTitle "CBM 037 Extra"]
[Source "ChessBase"]
[SourceDate "1994.01.01"]
[SourceVersion "1"]
[SourceVersionDate "1994.01.01"]
[SourceQuality "1"]

1. e4 c6 2. d4 d5 3. Nc3 dxe4 4. Nxe4 Bf5 5. Ng3 Bg6 6. h4 h6 7. Nf3 Nd7 8. h5 Bh7 9. Bd3 Bxd3 10. Qxd3 e6 11. Bf4 Ngf6 12. 0-0-0 Be7 13. Ne5 Nxe5 14. Bxe5 b5 15. Ne4 Qd5 16. Nc3 Qd7 17. Kb1 b4 18. Ne4 Nxe4 19. Qxe4 0-0 20. Qg4 f6 21. Bf4 Bd6 22. Bc1 f5 23. Qf3 Rad8 24. Rhe1 Rfe8 25. g4 Be7 26. gxf5 exf5 27. Rg1 Bg5 28. Bxg5 hxg5 29. Rxg5 Qxd4 30. Rdg1 Rd7 31. h6 Qe4 32. Qb3+ Kh7 33. a4 gxh6 34. Rg6 Rd1+ 35. Rxd1 Kxg6 36. Rg1+ Kf6 37. Qg3 Ke6 38. Qg7 Re7 39. Qxh6+ Kd7 40. Rd1+ Kc7 41. Qd6+ Kb7 42. f3 Qe6 43. Qxb4+ Ka6 44. b3 Rd7 45. Re1 Qd5 46. Qc3 f4 47. Re4 Qd1+ 48. Kb2 c5 49. Qxc5 1-0

[Event "Budapest FS07 IM-A"]
[Site "Budapest"]
[Date "1993.??.??"]
[Round "10"]
[White "Farago, Sandor"]
[Black "Stummer, Anton"]
[Result "1-0"]
[WhiteElo "2375"]
[BlackElo "2305"]
[PlyCount "161"]
[EventDate "1993.07.??"]
[EventType "tourn"]
[EventRounds "11"]
[EventCountry "HUN"]
[EventCategory "2"]
[SourceTitle "EXT 1997"]
[Source "ChessBase"]
[SourceDate "1996.11.15"]
[SourceVersion "1"]
[SourceVersionDate "1996.11.15"]
[SourceQuality "1"]

1. Nf3 Nf6 2. c4 g6 3. Nc3 Bg7 4. g3 0-0 5. Bg2 d6 6. 0-0 e5 7. d3 Nc6 8. Rb1 a5 9. a3 h6 10. b4 axb4 11. axb4 Be6 12. b5 Ne7 13. e4 Qd7 14. Re1 Bh3 15. Bh1 Ng4 16. Nh4 g5 17. Ng2 f5 18. f3 f4 19. fxg4 f3 20. Rb2 Bxg4 21. Qb3 fxg2 22. Bxg2 Kh8 23. Be3 Bf3 24. Bf1 Rf7 25. Nd1 Raf8 26. Nf2 Ng6 27. Bh3 g4 28. Bf1 h5 29. c5 d5 30. exd5 Bxd5 31. Qb4 Ne7 32. Ne4 Nf5 33. Bf2 Nd4 34. Bxd4 exd4 35. Bg2 Bh6 36. Rbe2 Bxe4 37. Rxe4 Be3+ 38. R4xe3 dxe3 39. Qb2+ Kg8 40. Qe5 Qf5 41. Qxe3 Qf2+ 42. Qxf2 Rxf2 43. Bxb7 Rc2 44. Bd5+ Kg7 45. d4 Rd2 46. Re7+ Kg6 47. Re6+ Kg7 48. Re7+ Kg6 49. Re6+ Rf6 50. Re4 Rd1+ 51. Kg2 Rd2+ 52. Kg1 Rb2 53. Bc4 Rff2 54. Re6+ Kg7 55. Bf1 Rf7 56. Be2 Rd7 57. Re4 Rd2 58. c6 Rf7 59. Kg2 Kf8 60. Kg1 Re7 61. Rf4+ Ke8 62. Bf1 Rf7 63. Re4+ Kd8 64. Bc4 Rff2 65. Bf1 Rf3 66. Be2 Rb3 67. Re5 Rbb2 68. Kf1 Rxd4 69. Rxh5 Re4 70. Rd5+ Ke8 71. Bd1 Ke7 72. Rd7+ Ke6 73. Rxc7 Rxb5 74. Rb7 Rf5+ 75. Kg2 Ra5 76. Rb2 Rc5 77. h3 gxh3+ 78. Kxh3 Re3 79. Bg4+ Kd6 80. Bd7 Rg5 81. Rg2 1-0

[Event "Budapest FS10 IM-B"]
[Site "Budapest"]
[Date "1993.??.??"]
[Round "8"]
[White "Krizsany, Laszlo"]
[Black "Stummer, Anton"]
[Result "1-0"]
[WhiteElo "2370"]
[BlackElo "2305"]
[PlyCount "77"]
[EventDate "1993.10.??"]
[EventType "tourn"]
[EventRounds "9"]
[EventCountry "HUN"]
[EventCategory "3"]
[SourceTitle "EXT 1997"]
[Source "ChessBase"]
[SourceDate "1996.11.15"]
[SourceVersion "1"]
[SourceVersionDate "1996.11.15"]
[SourceQuality "1"]

1. d4 Nf6 2. c4 g6 3. Nc3 Bg7 4. e4 d6 5. Be2 0-0 6. Bg5 c5 7. d5 h6 8. Bf4 e6 9. dxe6 Bxe6 10. Qd2 Qb6 11. Nf3 Kh7 12. 0-0 Nc6 13. Nd5 Bxd5 14. exd5 Ne5 15. Nxe5 dxe5 16. Be3 Ne4 17. Qc2 f5 18. Rab1 a5 19. a3 Qc7 20. f3 Nd6 21. b4 axb4 22. axb4 b6 23. Rb3 e4 24. bxc5 bxc5 25. Bf4 Bd4+ 26. Kh1 Rfe8 27. fxe4 Rxe4 28. g3 Qe7 29. Bd3 Re1 30. Rb1 Rxf1+ 31. Rxf1 Ra3 32. Rb1 Rc3 33. Qe2 Qxe2 34. Bxe2 Ne4 35. d6 g5 36. d7 Bf6 37. Be5 Rc2 38. Bxf6 Rxe2 39. d8Q 1-0

[Event "Kecskemet"]
[Site "Kecskemet"]
[Date "1993.??.??"]
[Round "1"]
[White "Stummer, Anton"]
[Black "Stajcic, Nikola"]
[Result "0-1"]
[WhiteElo "2295"]
[BlackElo "2270"]
[PlyCount "62"]
[EventDate "1993.02.??"]
[EventType "tourn"]
[EventRounds "13"]
[EventCountry "HUN"]
[EventCategory "7"]
[SourceTitle "CBM 037 Extra"]
[Source "ChessBase"]
[SourceDate "1994.01.01"]
[SourceVersion "1"]
[SourceVersionDate "1994.01.01"]
[SourceQuality "1"]

1. Nf3 d5 2. d4 Nf6 3. c4 c6 4. Nc3 dxc4 5. e3 b5 6. a4 b4 7. Nb1 Ba6 8. Be2 Nbd7 9. 0-0 e6 10. Nbd2 Be7 11. Nxc4 0-0 12. Qc2 c5 13. Nce5 Bb7 14. Rd1 Qc8 15. Nxd7 Nxd7 16. Bd2 a5 17. Rac1 cxd4 18. Qb1 Qb8 19. Nxd4 Nc5 20. b3 Be4 21. Qb2 Qb6 22. f3 Bd5 23. Kh1 Bf6 24. e4 Bxb3 25. e5 Bxd1 26. exf6 Bxe2 27. Nc6 Qxc6 28. Qd4 Bxf3 29. Rxc5 Bxg2+ 30. Kg1 Qf3 31. Rc1 Bh3 0-1

[Event "Budapest FS10 IM-B"]
[Site "Budapest"]
[Date "1993.??.??"]
[Round "3"]
[White "Stummer, Anton"]
[Black "Varga, Peter"]
[Result "0-1"]
[WhiteElo "2305"]
[BlackElo "2320"]
[PlyCount "116"]
[EventDate "1993.10.??"]
[EventType "tourn"]
[EventRounds "9"]
[EventCountry "HUN"]
[EventCategory "3"]
[SourceTitle "EXT 1997"]
[Source "ChessBase"]
[SourceDate "1996.11.15"]
[SourceVersion "1"]
[SourceVersionDate "1996.11.15"]
[SourceQuality "1"]

1. Nf3 d5 2. g3 c6 3. Bg2 Bg4 4. b3 Nd7 5. Bb2 e6 6. 0-0 Ngf6 7. d3 Be7 8. Nbd2 h6 9. c4 0-0 10. a3 a5 11. Qc2 Re8 12. Bc3 b5 13. cxb5 cxb5 14. b4 axb4 15. axb4 Qc7 16. Qb2 Rec8 17. Rac1 Qd8 18. h3 Bh5 19. g4 Bg6 20. Bd4 Qf8 21. Rxc8 Rxc8 22. Rb1 Rc6 23. Ne5 Nxe5 24. Bxe5 Qc8 25. Nb3 Rc2 26. Rc1 Rxc1+ 27. Nxc1 h5 28. Bf3 hxg4 29. hxg4 Ne8 30. Bc3 f6 31. Nb3 Bf7 32. Nd4 Nd6 33. Nb3 e5 34. Nc5 Ne8 35. e4 Bxc5 36. bxc5 Qxc5 37. exd5 Bxd5 38. Qb4 Qc6 39. Bxd5+ Qxd5 40. Qe7 Qf7 41. Qxf7+ Kxf7 42. g5 Nc7 43. gxf6 gxf6 44. f3 Nd5 45. Bb2 Nf4 46. d4 exd4 47. Kf1 d3 48. Ke1 Ng6 49. Kd2 Ne5 50. Bc3 Nxf3+ 51. Kxd3 Ke6 52. Ke4 Ne5 53. Kd4 b4 54. Bb2 f5 55. Bc1 Nc6+ 56. Kc5 Ke5 57. Kxc6 f4 58. Kc5 f3 0-1

[Event "Budapest FS07 IM-A"]
[Site "Budapest"]
[Date "1993.??.??"]
[Round "2"]
[White "Stummer, Anton"]
[Black "Wendt, Jan Dietrich"]
[Result "1/2-1/2"]
[WhiteElo "2305"]
[BlackElo "2100"]
[PlyCount "56"]
[EventDate "1993.07.??"]
[EventType "tourn"]
[EventRounds "11"]
[EventCountry "HUN"]
[EventCategory "2"]
[SourceTitle "EXT 1997"]
[Source "ChessBase"]
[SourceDate "1996.11.15"]
[SourceVersion "1"]
[SourceVersionDate "1996.11.15"]
[SourceQuality "1"]

1. Nf3 Nf6 2. g3 d5 3. Bg2 Bg4 4. b3 e6 5. Bb2 Be7 6. 0-0 0-0 7. c4 c6 8. d3 Bxf3 9. Bxf3 Nbd7 10. Nc3 a5 11. cxd5 cxd5 12. Bg2 Qb6 13. e4 dxe4 14. dxe4 Rfd8 15. Qe2 Nc5 16. Rfd1 a4 17. bxa4 Nxa4 18. Nxa4 Rxa4 19. Rxd8+ Qxd8 20. Bxf6 Bxf6 21. e5 Be7 22. Bxb7 Rb4 23. Rd1 Qb8 24. Be4 g6 25. Bc2 Rb5 26. Re1 Bc5 27. Qc4 Qb6 28. Re2 Bd4 1/2-1/2

[Event "Budapest IM"]
[Site "Budapest"]
[Date "1992.??.??"]
[Round "4"]
[White "Hansen, Soren Bech"]
[Black "Stummer, Anton"]
[Result "1-0"]
[WhiteElo "2245"]
[BlackElo "2310"]
[PlyCount "81"]
[EventDate "1992.??.??"]
[EventType "tourn"]
[EventRounds "9"]
[EventCountry "HUN"]
[EventCategory "4"]
[SourceTitle "EXT 1997"]
[Source "ChessBase"]
[SourceDate "1996.11.15"]
[SourceVersion "1"]
[SourceVersionDate "1996.11.15"]
[SourceQuality "1"]

1. e4 c6 2. d4 d5 3. Nc3 dxe4 4. Nxe4 Nf6 5. Nxf6+ gxf6 6. Nf3 Bf5 7. Bd3 Bxd3 8. Qxd3 Qc7 9. Be3 Nd7 10. 0-0 e6 11. c4 0-0-0 12. Rfd1 Kb8 13. Rac1 h5 14. Qe2 Bd6 15. h3 Rhg8 16. d5 c5 17. Rc2 Be7 18. Rcd2 Nf8 19. dxe6 Rxd2 20. Qxd2 fxe6 21. Bf4 e5 22. Qd5 Qd6 23. Qxd6+ Bxd6 24. Rxd6 exf4 25. Rxf6 Ng6 26. Rf5 Rd8 27. Rxc5 Rd1+ 28. Kh2 Rf1 29. Rg5 Ne7 30. Re5 Nc6 31. Re2 Ra1 32. b3 Nb4 33. g4 hxg4 34. hxg4 Rxa2 35. Rxa2 Nxa2 36. g5 Nc3 37. Nd2 Nd1 38. Kg2 Kc7 39. g6 Ne3+ 40. fxe3 fxe3 41. Nf3 1-0

[Event "Budapest IM"]
[Site "Budapest"]
[Date "1992.??.??"]
[Round "2"]
[White "Somlai, Laszlo"]
[Black "Stummer, Anton"]
[Result "0-1"]
[WhiteElo "2375"]
[BlackElo "2310"]
[PlyCount "84"]
[EventDate "1992.??.??"]
[EventType "tourn"]
[EventRounds "9"]
[EventCountry "HUN"]
[EventCategory "4"]
[SourceTitle "EXT 1997"]
[Source "ChessBase"]
[SourceDate "1996.11.15"]
[SourceVersion "1"]
[SourceVersionDate "1996.11.15"]
[SourceQuality "1"]

1. e4 c6 2. d4 d5 3. Nc3 dxe4 4. Nxe4 Nf6 5. Nxf6+ gxf6 6. c3 Bf5 7. Nf3 Qc7 8. g3 e6 9. Bg2 Nd7 10. 0-0 Bg4 11. Bf4 Bd6 12. Bxd6 Qxd6 13. Qb3 Bxf3 14. Bxf3 0-0-0 15. Rad1 f5 16. c4 Nf6 17. Qa4 Kb8 18. b4 Ne4 19. Rd3 e5 20. d5 cxd5 21. Rxd5 Qc7 22. Rfd1 Rxd5 23. cxd5 Nc3 24. d6 Qb6 25. Qb3 Nxd1 26. Qxd1 Rd8 27. Qd5 e4 28. Bh5 Rxd6 29. Qxf7 a6 30. a3 Ka7 31. Be2 Rd2 32. Kf1 Qd4 33. Qxf5 e3 34. b5 Rxe2 35. Kxe2 Qd2+ 36. Kf1 e2+ 37. Kg2 e1Q 38. Qc5+ Kb8 39. Qf8+ Kc7 40. Qc5+ Kd7 41. Qf5+ Qe6 42. Qxh7+ Ke8 0-1

[Event "Budapest Nuovo"]
[Site "Budapest"]
[Date "1992.??.??"]
[Round "7"]
[White "Stummer, Anton"]
[Black "Atalik, Suat"]
[Result "1/2-1/2"]
[WhiteElo "2310"]
[BlackElo "2455"]
[PlyCount "97"]
[EventDate "1992.01.??"]
[EventType "tourn"]
[EventRounds "13"]
[EventCountry "HUN"]
[EventCategory "8"]
[SourceTitle "EXT 1997"]
[Source "ChessBase"]
[SourceDate "1996.11.15"]
[SourceVersion "1"]
[SourceVersionDate "1996.11.15"]
[SourceQuality "1"]

1. Nf3 c5 2. c4 Nf6 3. g3 g6 4. Bg2 Bg7 5. 0-0 0-0 6. Nc3 Nc6 7. d4 cxd4 8. Nxd4 Ng4 9. e3 d6 10. h3 Nxd4 11. exd4 Nh6 12. b3 Nf5 13. Ne2 Rb8 14. a4 a6 15. Qd3 b5 16. cxb5 axb5 17. a5 Ba6 18. Bf4 e5 19. Bd2 Nxd4 20. Nxd4 exd4 21. Rfc1 Qd7 22. Rc2 Bb7 23. Rac1 Bxg2 24. Kxg2 b4 25. Rc7 Qb5 26. Qxb5 Rxb5 27. a6 d3 28. R1c6 h5 29. a7 Bc3 30. Rc8 Ra5 31. Bh6 Bg7 32. Rxf8+ Kxf8 33. Rc8+ Ke7 34. a8Q Rxa8 35. Rxa8 Bxh6 36. Kf3 Bd2 37. Ke4 Be1 38. Kxd3 Bxf2 39. g4 hxg4 40. hxg4 Kf6 41. Ra5 Bc5 42. Ke4 Kg5 43. Kf3 f5 44. gxf5 Kxf5 45. Ra8 Ke5 46. Rg8 Kd4 47. Rxg6 Kc3 48. Ke4 Kxb3 49. Kd3 1/2-1/2

[Event "Budapest IM"]
[Site "Budapest"]
[Date "1992.??.??"]
[Round "3"]
[White "Stummer, Anton"]
[Black "Fogarasi, Tibor"]
[Result "1/2-1/2"]
[WhiteElo "2310"]
[BlackElo "2455"]
[PlyCount "52"]
[EventDate "1992.??.??"]
[EventType "tourn"]
[EventRounds "9"]
[EventCountry "HUN"]
[EventCategory "4"]
[SourceTitle "EXT 1997"]
[Source "ChessBase"]
[SourceDate "1996.11.15"]
[SourceVersion "1"]
[SourceVersionDate "1996.11.15"]
[SourceQuality "1"]

1. Nf3 d5 2. g3 Nf6 3. Bg2 Bf5 4. 0-0 e6 5. b3 Be7 6. Bb2 0-0 7. d3 h6 8. c4 c6 9. Nbd2 Nbd7 10. Qc2 Bh7 11. a3 a5 12. Bc3 b5 13. cxb5 cxb5 14. Qb2 Qb6 15. Ne5 Nxe5 16. Bxe5 Rfc8 17. Nf3 Qb7 18. Rfc1 Rxc1+ 19. Rxc1 Rc8 20. Bd4 Rxc1+ 21. Qxc1 Nd7 22. Bh3 Bf8 23. Qc3 b4 24. axb4 axb4 25. Qa1 Nc5 26. Qb2 Nd7 1/2-1/2

[Event "Budapest Nuovo"]
[Site "Budapest"]
[Date "1992.??.??"]
[Round "5"]
[White "Stummer, Anton"]
[Black "Fogarasi, Tibor"]
[Result "0-1"]
[WhiteElo "2310"]
[BlackElo "2455"]
[PlyCount "64"]
[EventDate "1992.01.??"]
[EventType "tourn"]
[EventRounds "13"]
[EventCountry "HUN"]
[EventCategory "8"]
[SourceTitle "EXT 1997"]
[Source "ChessBase"]
[SourceDate "1996.11.15"]
[SourceVersion "1"]
[SourceVersionDate "1996.11.15"]
[SourceQuality "1"]

1. Nf3 Nf6 2. g3 g6 3. b3 Bg7 4. Bb2 0-0 5. Bg2 d5 6. c4 c6 7. 0-0 Nbd7 8. d3 Re8 9. Nc3 e5 10. cxd5 cxd5 11. Rc1 a6 12. Na4 e4 13. dxe4 dxe4 14. Nd4 e3 15. f4 Ne4 16. Nf3 Bxb2 17. Nxb2 Ndf6 18. Nc4 Bg4 19. Qc2 Rc8 20. Nfe5 Nd2 21. Nxg4 Nxg4 22. Bxb7 Rc7 23. Bf3 Nxf1 24. Bxg4 Nd2 25. Qc3 h5 26. Bh3 Ne4 27. Qb4 h4 28. f5 hxg3 29. fxg6 Qh4 30. Kg2 gxh2 31. Rf1 Qg3+ 32. Kh1 Nf2+ 0-1

[Event "Budapest Nuovo"]
[Site "Budapest"]
[Date "1992.??.??"]
[Round "9"]
[White "Stummer, Anton"]
[Black "Hazai, Laszlo"]
[Result "1/2-1/2"]
[WhiteElo "2310"]
[BlackElo "2460"]
[PlyCount "34"]
[EventDate "1992.01.??"]
[EventType "tourn"]
[EventRounds "13"]
[EventCountry "HUN"]
[EventCategory "8"]
[SourceTitle "EXT 1997"]
[Source "ChessBase"]
[SourceDate "1996.11.15"]
[SourceVersion "1"]
[SourceVersionDate "1996.11.15"]
[SourceQuality "1"]

1. Nf3 Nf6 2. g3 g6 3. b3 Bg7 4. Bb2 c5 5. c4 Nc6 6. Bg2 d6 7. d4 cxd4 8. Nxd4 Bd7 9. 0-0 0-0 10. Nc3 Qa5 11. Nd5 Nxd5 12. Nxc6 Bxc6 13. Bxg7 Nc3 14. Bxc3 Qxc3 15. Qc1 Qe5 16. Re1 Rfc8 17. Qd2 Bxg2 1/2-1/2